[Event "11th Hainan Danzhou GM"]
[Site "chess.com INT"]
[Date "2020.12.03"]
[Round "1.2"]
[White "Ding, Liren"]
[Black "Rapport, Richard"]
[Result "0-1"]
[WhiteTitle "GM"]
[BlackTitle "GM"]
[WhiteElo "2791"]
[BlackElo "2759"]
[WhiteFideId "8603677"]
[BlackFideId "738590"]
[EventDate "2020.12.03"]

1. d4 e6 2. c4 Bb4+ 3. Bd2 Qe7 4. Nf3 Nf6 5. g3 Nc6 6. Nc3 Bxc3 7. Bxc3 Ne4 8.
Rc1 O-O 9. Bg2 d6 10. d5 Nxc3 11. Rxc3 Nd8 12. O-O b6 13. dxe6 fxe6 14. Nd4 Rb8
15. Re3 Bd7 16. Qd3 a5 17. f4 Kh8 18. g4 g6 19. g5 e5 20. h4 Qg7 21. fxe5 Rxf1+
22. Kxf1 dxe5 23. Nf3 Nc6 24. Qc3 Re8 25. Nd2 Nd4 26. Ne4 Nf5 27. Rd3 Rf8 28.
Nf6 Nxh4 29. Qxe5 h6 30. Kg1 Bf5 31. e4 hxg5 32. exf5 Qxf6 33. Qxf6+ Rxf6 34.
fxg6 Rd6 35. Rxd6 cxd6 36. Be4 Kg7 37. Kf2 Nxg6 38. Ke3 Kf6 39. Kd4 Nf4 40. a3
g4 41. b4 g3 42. bxa5 bxa5 43. c5 Ne6+ 44. Kd5 dxc5 45. a4 Kg5 46. Kc4 Kf4 47.
Bh1 Ke3 0-1

[Event "11th Hainan Danzhou GM"]
[Site "chess.com INT"]
[Date "2020.12.03"]
[Round "1.3"]
[White "Grischuk, Alexander"]
[Black "Topalov, Veselin"]
[Result "1/2-1/2"]
[WhiteTitle "GM"]
[BlackTitle "GM"]
[WhiteElo "2777"]
[BlackElo "2735"]
[WhiteFideId "4126025"]
[BlackFideId "2900084"]
[EventDate "2020.12.03"]

1. e4 c5 2. Nf3 d6 3. Bb5+ Bd7 4. Bxd7+ Qxd7 5. c4 Nf6 6. Nc3 g6 7. d4 cxd4 8.
Nxd4 Bg7 9. f3 O-O 10. Be3 Nc6 11. O-O a6 12. Qd3 Ne5 13. Qe2 Rac8 14. b3 b5 15.
Nd5 Nxd5 16. cxd5 e6 17. dxe6 fxe6 18. Rad1 Rc3 19. Kh1 Nc6 20. h3 Rc8 21. f4 d5
22. Nf3 Qe8 23. Bf2 Ne7 24. Ng5 R3c6 25. Qg4 dxe4 26. Nxe4 Nf5 27. Rfe1 Rc2 28.
Re2 e5 29. Rde1 Rxe2 30. Qxe2 Qc6 31. fxe5 Bxe5 32. Kg1 Rd8 33. Ng5 Bf6 34. Nf3
Qd5 35. Qe6+ Qxe6 36. Rxe6 Rd6 37. Re1 Kf7 38. Kf1 Rd5 39. Ke2 Ke6 40. Rc1 Kd7
41. a4 Ne7 42. axb5 axb5 43. Rc2 Nc6 44. Ra2 h5 45. Be1 Nd4+ 46. Nxd4 Bxd4 47.
Bd2 Bb6 48. Bf4 Rf5 49. Rd2+ Ke7 50. Bg3 g5 51. Rd3 Bc5 52. Rf3 Ke6 53. Rd3 Ke7
54. Rf3 Ke6 55. Rd3 Ke7 1/2-1/2

[Event "11th Hainan Danzhou GM"]
[Site "chess.com INT"]
[Date "2020.12.03"]
[Round "1.4"]
[White "Yu, Yangyi"]
[Black "Giri, Anish"]
[Result "1/2-1/2"]
[WhiteTitle "GM"]
[BlackTitle "GM"]
[WhiteElo "2709"]
[BlackElo "2764"]
[WhiteFideId "8603820"]
[BlackFideId "24116068"]
[EventDate "2020.12.03"]

1. d4 Nf6 2. c4 e6 3. Nf3 d5 4. Nc3 Be7 5. Bf4 O-O 6. e3 Nbd7 7. cxd5 Nxd5 8.
Nxd5 exd5 9. a3 c5 10. dxc5 Nxc5 11. Be5 Bf5 12. Be2 Bf6 13. Rc1 Bxe5 14. Nxe5
Rc8 15. O-O Qf6 16. b4 Qxe5 17. bxc5 Rfd8 18. Qd4 Qxd4 19. exd4 b6 20. Ba6 Rc6
21. Bb5 Rc7 22. cxb6 Rxc1 23. Rxc1 axb6 24. h4 Rc8 25. Rxc8+ Bxc8 26. Kh2 h6 27.
Kg3 f6 28. h5 Kf7 29. Kf4 Ke7 30. g4 Kd6 31. f3 Kc7 32. Ke3 Kd6 33. Be2 Bd7 34.
f4 Kc7 35. Kd2 Ba4 36. Kc3 Kc6 37. Kb4 Bc2 38. a4 Kd6 39. Kb5 Kc7 40. f5 Bb3 41.
a5 bxa5 42. Kxa5 Kc6 43. Bb5+ Kc7 44. Be2 Kc6 45. Bb5+ Kc7 46. Be2 1/2-1/2

[Event "11th Hainan Danzhou GM"]
[Site "chess.com INT"]
[Date "2020.12.03"]
[Round "2.1"]
[White "Wang, Hao"]
[Black "Giri, Anish"]
[Result "0-1"]
[WhiteTitle "GM"]
[BlackTitle "GM"]
[WhiteElo "2763"]
[BlackElo "2764"]
[WhiteFideId "8602883"]
[BlackFideId "24116068"]
[EventDate "2020.12.03"]

1. c4 Nf6 2. Nc3 e5 3. Nf3 Nc6 4. g3 d5 5. cxd5 Nxd5 6. Bg2 Bc5 7. O-O O-O 8. d3
h6 9. Nxd5 Qxd5 10. Bd2 Rd8 11. Bc3 Qe6 12. Nd2 a5 13. Rc1 Ra6 14. Qb3 Qe7 15.
Bxc6 Rxc6 16. Bxa5 Ra6 17. Bc3 c6 18. a3 Be6 19. Qc2 Bh3 20. Rfe1 Ba7 21. Nf3 c5
22. Bxe5 Re6 23. Bc3 b5 24. b4 c4 25. dxc4 bxc4 26. Rcd1 Re8 27. Bd4 Qb7 28.
Bxa7 Qxf3 0-1

[Event "11th Hainan Danzhou GM"]
[Site "chess.com INT"]
[Date "2020.12.03"]
[Round "2.2"]
[White "Topalov, Veselin"]
[Black "Yu, Yangyi"]
[Result "1/2-1/2"]
[WhiteTitle "GM"]
[BlackTitle "GM"]
[WhiteElo "2735"]
[BlackElo "2709"]
[WhiteFideId "2900084"]
[BlackFideId "8603820"]
[EventDate "2020.12.03"]

1. d4 d5 2. c4 c6 3. Nf3 Nf6 4. e3 Bg4 5. h3 Bh5 6. cxd5 Bxf3 7. Qxf3 cxd5 8.
Bd3 Nc6 9. O-O e6 10. Nc3 Bd6 11. Rd1 O-O 12. Bd2 Rc8 13. Be1 a6 14. Rac1 Qe7
15. Qe2 Rc7 16. f4 Nd7 17. f5 g6 18. fxe6 Qxe6 19. Qf3 Nb6 20. Bf2 f5 21. a3 Ne7
22. Rc2 Rfc8 23. Rdc1 Kg7 24. g4 Rf8 25. Ne2 Rxc2 26. Rxc2 fxg4 27. Qxg4 Nf5 28.
e4 dxe4 29. Qxe4 Qf7 30. Qf3 Nd5 31. Bc4 Nfe3 32. Qxf7+ Rxf7 33. Bxe3 Nxe3 34.
Bxf7 Nxc2 35. Bd5 Nxd4 36. Nxd4 Bc5 37. Bxb7 Bxd4+ 38. Kg2 Bxb2 39. Bxa6 Bxa3
40. Bd3 h5 41. Bc2 g5 42. Bd1 g4 43. hxg4 hxg4 44. Bxg4 1/2-1/2

[Event "11th Hainan Danzhou GM"]
[Site "chess.com INT"]
[Date "2020.12.03"]
[Round "2.3"]
[White "Rapport, Richard"]
[Black "Grischuk, Alexander"]
[Result "1/2-1/2"]
[WhiteTitle "GM"]
[BlackTitle "GM"]
[WhiteElo "2759"]
[BlackElo "2777"]
[WhiteFideId "738590"]
[BlackFideId "4126025"]
[EventDate "2020.12.03"]

1. c4 c5 2. Nf3 Nf6 3. Nc3 Nc6 4. g3 d5 5. cxd5 Nxd5 6. Bg2 g6 7. d3 Bg7 8. Bd2
O-O 9. a3 b6 10. h4 h5 11. Ng5 e6 12. O-O Bb7 13. Rc1 a5 14. Na4 Rb8 15. Bc3 Bh6
16. Bd2 Bg7 17. Bc3 Bh6 18. Bd2 Bg7 1/2-1/2

[Event "11th Hainan Danzhou GM"]
[Site "chess.com INT"]
[Date "2020.12.04"]
[Round "3.1"]
[White "Ding, Liren"]
[Black "Wang, Hao"]
[Result "1-0"]
[WhiteTitle "GM"]
[BlackTitle "GM"]
[WhiteElo "2791"]
[BlackElo "2763"]
[WhiteFideId "8603677"]
[BlackFideId "8602883"]
[EventDate "2020.12.03"]

1. d4 d5 2. c4 e6 3. Nc3 Be7 4. Nf3 Nf6 5. Bf4 O-O 6. a3 c5 7. dxc5 Bxc5 8. e3
Nc6 9. Qc2 Qa5 10. Rd1 Re8 11. Nd2 e5 12. Bg5 Nd4 13. Qb1 Bf5 14. Bd3 Bxd3 15.
Qxd3 Ne4 16. Nxd5 Nxg5 17. b4 Qd8 18. bxc5 Nde6 19. h4 Nxc5 20. Qf5 Nge6 21. Nf3
f6 22. h5 h6 23. O-O Qc8 24. Qg6 Nd7 25. Nh4 Nef8 26. Qg4 Kh8 27. Nf5 Ne6 28.
Nde7 Qc7 29. Ng6+ Kh7 30. Nxg7 1-0

[Event "11th Hainan Danzhou GM"]
[Site "chess.com INT"]
[Date "2020.12.04"]
[Round "3.3"]
[White "Yu, Yangyi"]
[Black "Rapport, Richard"]
[Result "0-1"]
[WhiteTitle "GM"]
[BlackTitle "GM"]
[WhiteElo "2709"]
[BlackElo "2759"]
[WhiteFideId "8603820"]
[BlackFideId "738590"]
[EventDate "2020.12.03"]

1. d4 Nf6 2. c4 e6 3. Nc3 Bb4 4. Qc2 d6 5. Nf3 Nbd7 6. Bd2 e5 7. a3 Bxc3 8. Bxc3
e4 9. Nd2 e3 10. fxe3 O-O 11. h3 Nh5 12. O-O-O Ng3 13. Rg1 f5 14. e4 Qg5 15.
exf5 Nf6 16. e4 Nfxe4 17. Bd3 Nf2 18. Rde1 Nxd3+ 19. Qxd3 Bxf5 20. Qe3 Qg6 21.
Qf3 Rae8 22. Qd5+ Kh8 23. Qxb7 Ne2+ 24. Rxe2 Rxe2 25. Qxc7 Qg3 26. Nf3 Qf4+ 27.
Nd2 Qe3 0-1

[Event "11th Hainan Danzhou GM"]
[Site "chess.com INT"]
[Date "2020.12.04"]
[Round "3.4"]
[White "Giri, Anish"]
[Black "Topalov, Veselin"]
[Result "1-0"]
[WhiteTitle "GM"]
[BlackTitle "GM"]
[WhiteElo "2764"]
[BlackElo "2735"]
[WhiteFideId "24116068"]
[BlackFideId "2900084"]
[EventDate "2020.12.03"]

1. e4 e6 2. d4 d5 3. Nc3 Nf6 4. e5 Nfd7 5. f4 c5 6. Nf3 Be7 7. Be3 b6 8. Qd2 O-O
9. h4 Nc6 10. h5 f5 11. O-O-O c4 12. Bxc4 dxc4 13. d5 Ndxe5 14. fxe5 exd5 15.
Nxd5 Be6 16. Nxe7+ Qxe7 17. Bg5 Qe8 18. h6 g6 19. Bf6 Rc8 20. Ng5 c3 21. Qd6
cxb2+ 22. Kxb2 Bf7 23. e6 Bxe6 24. Bg7 Bf7 25. Qxf8+ Qxf8 26. Bxf8 Rxf8 27. Rd7 1-0

[Event "11th Hainan Danzhou GM"]
[Site "chess.com INT"]
[Date "2020.12.04"]
[Round "4.1"]
[White "Wang, Hao"]
[Black "Topalov, Veselin"]
[Result "1-0"]
[WhiteTitle "GM"]
[BlackTitle "GM"]
[WhiteElo "2763"]
[BlackElo "2735"]
[WhiteFideId "8602883"]
[BlackFideId "2900084"]
[EventDate "2020.12.03"]

1. d4 Nf6 2. c4 e6 3. Nc3 Bb4 4. Qc2 O-O 5. a3 Bxc3+ 6. Qxc3 b6 7. Nf3 Bb7 8. e3
d5 9. b4 c5 10. dxc5 bxc5 11. Bb2 Nbd7 12. Be2 Rc8 13. b5 Nb6 14. a4 Nxc4 15.
Bxc4 dxc4 16. Qxc4 Ne4 17. O-O Bd5 18. Qc2 c4 19. Bd4 Qe7 20. Nd2 Nxd2 21. Qxd2
Rfd8 22. Qb2 Qg5 23. f4 Qg6 24. Rac1 Rd7 25. Rc3 f6 26. a5 Rb7 27. Rf2 Rcb8 28.
b6 axb6 29. axb6 e5 30. fxe5 fxe5 31. Qb5 Qe4 32. Bc5 Rf7 33. Rd2 h6 34. h3 Qh4
35. Rc1 Qe4 36. Kh2 Rc8 37. Bd6 Bb7 38. Qxe5 Qc6 39. Bc7 Re8 40. Qd6 Qb5 41. Qg3
Rf5 42. Rd4 Rg5 43. Rg4 Rxg4 44. Qxg4 Rxe3 45. Qxc4+ Qxc4 46. Rxc4 Re2 47. Rg4
Kf7 48. Kg1 g5 49. Kf1 Ra2 50. g3 Bc8 51. Rb4 Bb7 52. Rd4 Rc2 53. Rd7+ Kg6 54.
g4 Rc6 55. Be5 Ba6+ 56. Kf2 h5 57. b7 Rc2+ 58. Kf3 Bxb7+ 59. Rxb7 1-0

[Event "11th Hainan Danzhou GM"]
[Site "chess.com INT"]
[Date "2020.12.04"]
[Round "4.2"]
[White "Rapport, Richard"]
[Black "Giri, Anish"]
[Result "1/2-1/2"]
[WhiteTitle "GM"]
[BlackTitle "GM"]
[WhiteElo "2759"]
[BlackElo "2764"]
[WhiteFideId "738590"]
[BlackFideId "24116068"]
[EventDate "2020.12.03"]

1. c4 c6 2. d4 d5 3. Nc3 Nf6 4. cxd5 cxd5 5. Bf4 Nc6 6. e3 Bf5 7. Qb3 Na5 8.
Qa4+ Bd7 9. Bb5 e6 10. Nf3 a6 11. Bxd7+ Nxd7 12. O-O Be7 13. Rfc1 Nc6 14. Qb3
Qb6 15. Qd1 O-O 16. Na4 Qa5 17. Ne1 Rfc8 18. Nd3 Nb4 19. Nxb4 Qxb4 20. a3 Qa5
21. b4 Qd8 22. Nc5 b6 23. Nd3 Rc4 24. Nb2 Rxc1 25. Rxc1 Rc8 26. Nd3 Rc4 27. Nb2
Rc8 28. Nd3 Rc4 29. Nb2 Rc8 1/2-1/2

[Event "11th Hainan Danzhou GM"]
[Site "chess.com INT"]
[Date "2020.12.04"]
[Round "4.4"]
[White "Ding, Liren"]
[Black "Grischuk, Alexander"]
[Result "1-0"]
[WhiteTitle "GM"]
[BlackTitle "GM"]
[WhiteElo "2791"]
[BlackElo "2777"]
[WhiteFideId "8603677"]
[BlackFideId "4126025"]
[EventDate "2020.12.03"]

1. d4 d5 2. c4 c6 3. Nf3 Nf6 4. e3 Bf5 5. Nc3 e6 6. Nh4 Be4 7. f3 Bg6 8. Bd2 Be7
9. Nxg6 hxg6 10. Qc2 a6 11. O-O-O b5 12. c5 Qc7 13. g4 Rxh2 14. Bd3 Rxh1 15.
Rxh1 Qg3 16. Qd1 Nbd7 17. Qf1 Qc7 18. Rh8+ Nf8 19. Be1 g5 20. Kb1 Rd8 21. Ne2
Kd7 22. Bg3 Qa5 23. Nc1 Re8 24. Nb3 Qd8 25. a4 Ng6 26. Rh2 bxa4 27. Nc1 Rh8 28.
Bxg6 Rxh2 29. Bxh2 fxg6 30. Qxa6 Qc8 31. Qxc8+ Kxc8 32. Ka2 Nd7 33. Nd3 Kb7 34.
Ka3 Nb6 35. Ne5 1-0

[Event "11th Hainan Danzhou GM"]
[Site "chess.com INT"]
[Date "2020.12.05"]
[Round "5.1"]
[White "Grischuk, Alexander"]
[Black "Wang, Hao"]
[Result "1/2-1/2"]
[WhiteTitle "GM"]
[BlackTitle "GM"]
[WhiteElo "2777"]
[BlackElo "2763"]
[WhiteFideId "4126025"]
[BlackFideId "8602883"]
[EventDate "2020.12.03"]

1. c4 e5 2. g3 c6 3. d4 e4 4. d5 Bb4+ 5. Bd2 Qe7 6. e3 Nf6 7. Bxb4 Qxb4+ 8. Qd2
Qxd2+ 9. Nxd2 d6 10. Ne2 O-O 11. Nc3 Re8 12. h3 Na6 13. O-O-O Bd7 14. g4 h6 15.
dxc6 Bxc6 16. Nb3 Rad8 17. Na5 Re5 18. Nb5 Bxb5 19. cxb5 Nc5 20. b4 Nd3+ 21.
Bxd3 exd3 22. Rxd3 Ne4 23. Rf1 Rxb5 24. a3 Ng5 25. Kb2 f5 26. gxf5 Rxf5 27. Nxb7
Rd7 28. Nxd6 Rf6 29. Rfd1 Rxf2+ 30. Kb3 Nxh3 31. a4 h5 32. b5 h4 33. a5 Rf8 34.
Ne4 Re7 35. Rd4 Rfe8 36. Nd6 Rxe3+ 37. Kb4 Rb8 38. Rxh4 Nf2 39. Rd5 Rd8 40. Rhd4
Re1 41. b6 Rb1+ 42. Kc5 axb6+ 43. axb6 Rc1+ 44. Nc4 Nd3+ 45. Rxd3 Rc8+ 46. Kb5
Rb1+ 47. Ka6 Rxc4 48. Rb5 Ra4+ 49. Ra5 Rab4 50. Rd6 Kf7 51. Ka7 g6 52. Rc6 R4b2
53. Rg5 Re1 54. Rgxg6 Re7+ 55. Kb8 Re8+ 56. Kb7 Re7+ 57. Kb8 Re8+ 58. Ka7 Re7+
59. Rc7 Rxc7+ 60. bxc7 Rc2 61. Rb6 Rxc7+ 62. Rb7 Rxb7+ 63. Kxb7 1/2-1/2

[Event "11th Hainan Danzhou GM"]
[Site "chess.com INT"]
[Date "2020.12.05"]
[Round "5.2"]
[White "Yu, Yangyi"]
[Black "Ding, Liren"]
[Result "1/2-1/2"]
[WhiteTitle "GM"]
[BlackTitle "GM"]
[WhiteElo "2709"]
[BlackElo "2791"]
[WhiteFideId "8603820"]
[BlackFideId "8603677"]
[EventDate "2020.12.03"]

1. d4 Nf6 2. c4 e6 3. Nf3 b6 4. g3 Ba6 5. b3 Bb4+ 6. Bd2 Be7 7. Bg2 O-O 8. O-O
d5 9. Ne5 c5 10. Bc3 Bb7 11. Nd2 Nbd7 12. Rc1 Rc8 13. e3 cxd4 14. Bxd4 Nxe5 15.
Bxe5 Qd7 16. Qe2 dxc4 17. Bxb7 Qxb7 18. Nxc4 Rfd8 19. Rfd1 h6 20. Rxd8+ Rxd8 21.
Rd1 Rxd1+ 22. Qxd1 b5 23. Bxf6 Bxf6 24. Nd2 Qc6 25. Nf3 g6 26. Kg2 a6 27. h3 Kg7
28. Qd3 h5 29. h4 Kg8 30. Qd1 Kg7 31. Qd3 Kg8 32. Qd1 Kg7 33. Qd3 1/2-1/2

[Event "11th Hainan Danzhou GM"]
[Site "chess.com INT"]
[Date "2020.12.05"]
[Round "5.4"]
[White "Topalov, Veselin"]
[Black "Rapport, Richard"]
[Result "1/2-1/2"]
[WhiteTitle "GM"]
[BlackTitle "GM"]
[WhiteElo "2735"]
[BlackElo "2759"]
[WhiteFideId "2900084"]
[BlackFideId "738590"]
[EventDate "2020.12.03"]

1. e4 e5 2. Nf3 Nc6 3. Bb5 Nf6 4. O-O Nxe4 5. Re1 Nd6 6. Nxe5 Be7 7. Bf1 Nf5 8.
Nf3 O-O 9. d4 d5 10. c3 Re8 11. Bd3 Bd6 12. Rxe8+ Qxe8 13. Nbd2 Bd7 14. Qb3 Ne3
15. a4 h6 16. Nf1 Nxf1 17. Bxf1 Be6 18. a5 b6 19. axb6 axb6 20. Ra2 Ne7 21. Qb5
Qd8 22. Rxa8 Qxa8 23. Qa6 Qxa6 24. Bxa6 f6 25. h3 Kf7 26. Kf1 g5 27. Bd3 Bf5 28.
Ke2 Bxd3+ 29. Kxd3 h5 30. g3 Nf5 31. b3 b5 32. Ne1 Ke6 33. Ng2 c6 34. Bd2 Bc7
35. Bc1 Bd6 36. Bd2 Bc7 37. Bc1 Bd6 1/2-1/2

[Event "11th Hainan Danzhou GM"]
[Site "chess.com INT"]
[Date "2020.12.05"]
[Round "6.1"]
[White "Wang, Hao"]
[Black "Rapport, Richard"]
[Result "1/2-1/2"]
[WhiteTitle "GM"]
[BlackTitle "GM"]
[WhiteElo "2763"]
[BlackElo "2759"]
[WhiteFideId "8602883"]
[BlackFideId "738590"]
[EventDate "2020.12.03"]

1. e4 e5 2. Nf3 Nc6 3. Bb5 Nf6 4. O-O Nxe4 5. Re1 Nd6 6. Nxe5 Be7 7. Bf1 Nf5 8.
c3 Nxe5 9. Rxe5 d6 10. Re1 O-O 11. d4 d5 12. Nd2 Bd6 13. Nf3 c6 14. Bd3 g6 15.
Bd2 Ng7 16. Bh6 Re8 17. Qd2 f6 18. Rxe8+ Qxe8 19. Re1 Qf7 20. Bf4 Bf8 21. h3 Bf5
22. Bh6 Bd7 23. a4 Re8 24. Rxe8 Qxe8 25. a5 Bd6 26. Bf4 Qe7 27. Bxd6 Qxd6 28. b4
Bf5 29. Ne1 b6 30. axb6 axb6 31. Qa2 b5 32. Qa8+ Kf7 33. Bxf5 Nxf5 34. Nd3 Qe6
35. Qa7+ Ne7 36. Qa2 g5 37. Qc2 Qe4 38. Qd1 Ng6 39. g3 Qf5 40. Kg2 Qe4+ 41. Kg1
Qf5 42. Kg2 Qe4+ 43. Kg1 1/2-1/2

[Event "11th Hainan Danzhou GM"]
[Site "chess.com INT"]
[Date "2020.12.05"]
[Round "6.3"]
[White "Ding, Liren"]
[Black "Giri, Anish"]
[Result "1-0"]
[WhiteTitle "GM"]
[BlackTitle "GM"]
[WhiteElo "2791"]
[BlackElo "2764"]
[WhiteFideId "8603677"]
[BlackFideId "24116068"]
[EventDate "2020.12.03"]

1. c4 Nf6 2. Nf3 e6 3. g3 d5 4. Bg2 Be7 5. O-O O-O 6. d4 dxc4 7. Qc2 a6 8. a4
Bd7 9. Qxc4 Bc6 10. Bf4 Bd6 11. Be3 h6 12. Nc3 Qe7 13. Ne5 Bxg2 14. Kxg2 Nbd7
15. Nxd7 Qxd7 16. Rfd1 Qe7 17. d5 Rfe8 18. Rac1 exd5 19. Nxd5 Nxd5 20. Rxd5 Qe4+
21. Qxe4 Rxe4 22. b3 Rae8 23. Kf3 R4e6 24. Rc4 Re5 25. Rxe5 Bxe5 26. Rb4 b6 27.
Rc4 Re6 28. h4 h5 29. Bf4 c5 30. Bxe5 Rxe5 31. Re4 Rf5+ 32. Ke3 b5 33. Re8+ Kh7
34. Ra8 Re5+ 35. Kd2 Rd5+ 36. Kc3 Rd6 37. axb5 axb5 38. Rb8 b4+ 39. Kc4 Rd2 40.
Kxc5 Rxe2 41. Rxb4 Rxf2 42. Rf4 Rc2+ 43. Rc4 Rg2 44. Rc3 g5 45. b4 Kg6 46. b5
Kf5 47. b6 gxh4 48. gxh4 Rb2 49. Rc4 Ke5 50. Kc6 f5 51. b7 Rxb7 52. Kxb7 f4 53.
Rc5+ Ke4 54. Rxh5 1-0

[Event "11th Hainan Danzhou GM"]
[Site "chess.com INT"]
[Date "2020.12.05"]
[Round "6.4"]
[White "Grischuk, Alexander"]
[Black "Yu, Yangyi"]
[Result "1/2-1/2"]
[WhiteTitle "GM"]
[BlackTitle "GM"]
[WhiteElo "2777"]
[BlackElo "2709"]
[WhiteFideId "4126025"]
[BlackFideId "8603820"]
[EventDate "2020.12.03"]

1. c4 c6 2. d4 d5 3. Nf3 Nf6 4. Nc3 e6 5. Bg5 h6 6. Bh4 Be7 7. e3 O-O 8. Bd3
dxc4 9. Bxc4 c5 10. dxc5 Qxd1+ 11. Rxd1 Bxc5 12. O-O Nc6 13. Bb5 Be7 14. Rd2 Na5
15. Ne5 a6 16. Be2 b5 17. f3 Bb7 18. Rfd1 Rac8 19. e4 Rfd8 20. Rxd8+ Bxd8 21.
Bf2 Be7 22. Kf1 Kf8 23. Nb1 Nc6 24. Nd3 Nb4 25. Nxb4 Bxb4 26. a3 Be7 27. Nd2 Nd7
28. Nc4 bxc4 29. Rxd7 Bc6 30. Ra7 Bb5 31. Bd4 Bc5 32. Bxc5+ Rxc5 33. Ke1 c3 34.
bxc3 Rxc3 35. Bxb5 axb5 36. Kd2 Rb3 37. Kc2 Re3 38. Kd2 Rb3 39. Kc2 Re3 40. Kd2
Rb3 1/2-1/2

[Event "11th Hainan Danzhou GM"]
[Site "chess.com INT"]
[Date "2020.12.05"]
[Round "7.1"]
[White "Yu, Yangyi"]
[Black "Wang, Hao"]
[Result "1-0"]
[WhiteTitle "GM"]
[BlackTitle "GM"]
[WhiteElo "2709"]
[BlackElo "2763"]
[WhiteFideId "8603820"]
[BlackFideId "8602883"]
[EventDate "2020.12.03"]

1. d4 d5 2. c4 dxc4 3. e4 e5 4. Nf3 exd4 5. Bxc4 Nc6 6. O-O Be6 7. Bxe6 fxe6 8.
Qb3 Qd7 9. Qxb7 Rb8 10. Qa6 Nf6 11. Nbd2 Bd6 12. a3 O-O 13. b4 Ng4 14. Bb2 Nce5
15. h3 Nxf3+ 16. Nxf3 Rxf3 17. hxg4 Rf4 18. Qxa7 Rbf8 19. f3 e5 20. Bc1 R4f7 21.
Qa6 Qe6 22. Bd2 Qb3 23. Rfc1 Rb8 24. Qc4 Qa4 25. g5 g6 26. Rf1 Kg7 27. Rfc1 Rff8
28. Qd3 Ra8 29. f4 Qd7 30. Rf1 Qg4 31. Rf3 Rae8 32. fxe5 Bxe5 33. Raf1 Qh4 34.
g3 Rxf3 35. Rxf3 Qg4 36. Kg2 Qe6 37. a4 Rc8 38. a5 c5 39. bxc5 Rxc5 40. a6 Rc8
41. Qb5 Rb8 42. Qd5 Qxd5 43. exd5 Rb2 44. Rf2 Rb6 45. Re2 Bd6 46. a7 Ra6 47. Bf4
Bxf4 48. Re7+ Kf8 49. Rb7 d3 50. Rb8+ Ke7 51. a8=Q Rxa8 52. Rxa8 d2 53. Ra1 Bxg5
54. Kf3 Kd6 55. Ke2 h6 56. Ra5 Be3 57. Ra3 Bg5 58. Rd3 h5 59. Ra3 Bh6 60. Ra6+
Kxd5 61. Rxg6 Be3 62. Rg8 Kc4 63. Rd8 Bg5 64. Rg8 Be3 65. Rd8 Bg5 66. Rh8 Kc3
67. Kd1 1-0

[Event "11th Hainan Danzhou GM"]
[Site "chess.com INT"]
[Date "2020.12.05"]
[Round "7.2"]
[White "Giri, Anish"]
[Black "Grischuk, Alexander"]
[Result "0-1"]
[WhiteTitle "GM"]
[BlackTitle "GM"]
[WhiteElo "2764"]
[BlackElo "2777"]
[WhiteFideId "24116068"]
[BlackFideId "4126025"]
[EventDate "2020.12.03"]

1. e4 c5 2. Nf3 d6 3. d4 cxd4 4. Nxd4 Nf6 5. Nc3 a6 6. Bg5 e6 7. f4 Nbd7 8. Qe2
Qc7 9. O-O-O Be7 10. g4 h6 11. Bh4 b5 12. a3 Bb7 13. Kb1 Rc8 14. Rg1 g6 15. f5
e5 16. Nb3 g5 17. Be1 h5 18. h3 hxg4 19. hxg4 Qb6 20. Bf2 Qd8 21. Nd5 Rh2 22.
Rg2 Rh1 23. Qf3 Nxd5 24. exd5 Qc7 25. Be3 Nf6 26. Bxb5+ axb5 27. Rxh1 Nxd5 28.
Bd2 Nf4 29. Rh8+ Bf8 30. Qd1 Bxg2 31. Bb4 Nd5 32. Qe2 Nxb4 33. axb4 Qc6 34. Nd4
Qc4 35. Qxg2 Qxd4 36. f6 Qd1+ 37. Ka2 Qxc2 38. Qh1 Qa4+ 39. Kb1 Qc2+ 40. Ka2 Kd7
41. Qb7+ Qc7 42. Qxb5+ Ke6 43. Qd3 Qc4+ 44. Qxc4+ Rxc4 45. Rxf8 Rxb4 46. Ka3
Rxg4 47. b4 Rg1 48. Kb2 Rd1 49. Kc2 Rd5 50. Kc3 Kxf6 51. Kc4 Rd1 52. b5 Rb1 53.
Rb8 Ke6 54. Re8+ Kf5 55. Rd8 g4 56. Rxd6 g3 57. Rd2 Ke4 0-1

[Event "11th Hainan Danzhou GM"]
[Site "chess.com INT"]
[Date "2020.12.05"]
[Round "7.3"]
[White "Topalov, Veselin"]
[Black "Ding, Liren"]
[Result "1/2-1/2"]
[WhiteTitle "GM"]
[BlackTitle "GM"]
[WhiteElo "2735"]
[BlackElo "2791"]
[WhiteFideId "2900084"]
[BlackFideId "8603677"]
[EventDate "2020.12.03"]

1. c4 Nf6 2. Nc3 e5 3. Nf3 Nc6 4. a3 d5 5. cxd5 Nxd5 6. Qc2 Nxc3 7. dxc3 Bd6 8.
e4 O-O 9. Be3 Be6 10. Be2 a5 11. O-O a4 12. Nd2 Na5 13. Bb5 Nb3 14. Rad1 Qc8 15.
Bxa4 Rxa4 16. Nxb3 Bxb3 17. Qxb3 Rxe4 18. Qd5 Ra4 19. c4 Re8 20. c5 Bf8 21. Rd2
Ra5 22. Qc4 Qe6 23. Qxe6 Rxe6 24. Rd7 Re7 25. Rd8 c6 26. Rfd1 f6 27. Rb8 g5 28.
Rdd8 Rf7 29. h4 h6 30. hxg5 hxg5 31. Kf1 Ra4 32. Ke2 Kg7 33. Kd3 g4 34. g3 f5
35. Rxf8 Rxf8 36. Bh6+ Kxh6 37. Rxf8 Rd4+ 38. Ke3 Re4+ 39. Kd3 Rd4+ 40. Ke3 Re4+
41. Kd3 Rd4+ 1/2-1/2

[Event "11th Hainan Danzhou GM"]
[Site "chess.com INT"]
[Date "2020.12.07"]
[Round "8.3"]
[White "Topalov, Veselin"]
[Black "Grischuk, Alexander"]
[Result "1/2-1/2"]
[WhiteTitle "GM"]
[BlackTitle "GM"]
[WhiteElo "2735"]
[BlackElo "2777"]
[WhiteFideId "2900084"]
[BlackFideId "4126025"]
[EventDate "2020.12.03"]

1. d4 Nf6 2. c4 e6 3. Nf3 d5 4. Nc3 Be7 5. Bf4 O-O 6. e3 Nbd7 7. c5 Nh5 8. Be5
f6 9. Bg3 c6 10. Bd3 g6 11. b4 e5 12. Be2 e4 13. Nd2 Nxg3 14. hxg3 f5 15. Nb3
Nf6 16. Qd2 h5 17. a4 a6 18. f4 Kg7 19. Kd1 Bd7 20. Kc2 b6 21. cxb6 Qxb6 22. a5
Qxb4 23. Rhb1 Rfb8 24. Na4 Qxd2+ 25. Kxd2 Bd8 26. Kc2 Kf7 27. Nc3 Bc8 28. Nc5
Rxb1 29. Kxb1 Nd7 30. Nb3 Ke7 31. Kc2 Kd6 32. Na4 Rb8 33. Nac5 Nxc5 34. Nxc5 Ra8
35. Kc3 Kc7 36. Rb1 Kd6 37. Ra1 Kc7 38. Rb1 Kd6 39. Ra1 1/2-1/2

[Event "11th Hainan Danzhou GM"]
[Site "chess.com INT"]
[Date "2020.12.07"]
[Round "8.4"]
[White "Giri, Anish"]
[Black "Yu, Yangyi"]
[Result "1/2-1/2"]
[WhiteTitle "GM"]
[BlackTitle "GM"]
[WhiteElo "2764"]
[BlackElo "2709"]
[WhiteFideId "24116068"]
[BlackFideId "8603820"]
[EventDate "2020.12.03"]

1. d4 d5 2. Nf3 Nf6 3. c4 c6 4. Nc3 dxc4 5. a4 e6 6. e3 c5 7. Bxc4 cxd4 8. exd4
Nc6 9. O-O Be7 10. Re1 O-O 11. h3 a5 12. Bf4 Bb4 13. Bg5 h6 14. Bh4 Be7 15. Qd2
Nh5 16. Bxe7 Nxe7 17. Rad1 Nf6 18. Ne5 Bd7 19. b3 Bc6 20. Qf4 Rc8 21. Rd3 Bd5
22. Qd2 b6 23. Ba6 Ra8 24. Nxd5 Nfxd5 25. Bc4 Rc8 26. Rf3 Rc7 27. Re4 Nf5 28.
Rg4 Nf6 29. Rgf4 Nd5 30. Rg4 Nf6 31. Rgf4 Nd5 32. Rg4 1/2-1/2